[Event "SR 4. liga A21 2017/2018"]
[Site "?"]
[Date "2018.01.14"]
[Round "7.3"]
[White "Hrubos, Milan"]
[Black "Drozd, Jan"]
[Result "1-0"]
[WhiteElo "1727"]
[BlackElo "1534"]
[PlyCount "89"]
[EventDate "2017.??.??"]
[WhiteTeam "Šachový klub Holíè B"]
[BlackTeam "CVÈ Senica B"]

1. e4 e5 2. Nf3 Nc6 3. Bb5 a6 4. Ba4 Nf6 5. O-O b5 6. Bb3 Be7 7. Re1 O-O 8. c3
d6 9. h3 Na5 10. Bc2 c5 11. d4 cxd4 12. cxd4 exd4 13. Nxd4 Bb7 14. Bf4 Nc6 15.
Nf5 Ne5 16. Nd2 Bc8 17. Nf3 Nxf3+ 18. Qxf3 Bxf5 19. exf5 Rc8 20. Bb3 Re8 21.
Rad1 Bf8 22. Rxe8 Nxe8 23. Qb7 Nc7 24. Qb6 h6 25. Bxd6 Bxd6 26. Rxd6 Qe7 27. f6
Qe1+ 28. Kh2 Qe5+ 29. g3 Ne8 30. Rd7 Nxf6 31. Rxf7 Kh8 32. Qxa6 Re8 33. Qa7
Qxb2 34. Qc5 Qe2 35. Rf8+ Rxf8 36. Qxf8+ Kh7 37. Qc5 Kh8 38. Bc2 Qe8 39. Bd3
Qf7 40. Qc8+ Ng8 41. Qf5 Nf6 42. a3 Qa2 43. Bxb5 Qxa3 44. Qc8+ Ng8 45. Bc4 1-0

[Event "SR 4. liga A21 2017/2018"]
[Site "?"]
[Date "2018.01.14"]
[Round "7.3"]
[White "Hrdlicka, Martin"]
[Black "Vach, Jozef"]
[Result "0-1"]
[WhiteElo "1421"]
[BlackElo "1690"]
[PlyCount "66"]
[EventDate "2017.??.??"]
[WhiteTeam "CVÈ Senica B"]
[BlackTeam "Šachový klub Holíè B"]

1. e4 e5 2. Nf3 Nc6 3. Bb5 a6 4. Ba4 Nf6 5. O-O d6 6. Re1 Be7 7. c3 O-O 8. d3
Bg4 9. Nbd2 b5 10. Bb3 Na5 11. Bc2 c5 12. Nf1 Qc7 13. Ng3 Rac8 14. h3 Bd7 15.
Be3 Nc6 16. Rc1 h6 17. Qd2 Kh7 18. Nh4 Nxe4 19. Nxe4 Bxh4 20. d4 f5 21. dxe5
fxe4 22. exd6 Qd8 23. Bxc5 Bf5 24. Bxe4 Qd7 25. Qd5 Kh8 26. Bxf5 Rxf5 27. Qe6
Qxe6 28. Rxe6 Rxc5 29. d7 Rd8 30. Re8+ Kh7 31. g3 Bf6 32. Rd1 Ne5 33. Rd6 Nf7
0-1

[Event "SR 4. liga A21 2017/2018"]
[Site "?"]
[Date "2018.01.14"]
[Round "7.4"]
[White "Slaby, Jozef"]
[Black "Musaev, Urmat"]
[Result "1/2-1/2"]
[WhiteElo "1734"]
[BlackElo "1816"]
[PlyCount "46"]
[EventDate "2017.??.??"]
[WhiteTeam "ŠK Kamenár Chtelnica"]
[BlackTeam "ŠK Kúpele Pieš�any B"]

1. Nf3 d5 2. c4 dxc4 3. e3 Nc6 4. Bxc4 Nf6 5. O-O e6 6. d4 Be7 7. Nbd2 O-O 8.
a3 a5 9. b3 b6 10. Bb2 Bb7 11. Rc1 Rc8 12. Qe2 Nb8 13. Ne5 c5 14. Ndf3 Bd6 15.
Rfd1 Qe7 16. a4 Rfd8 17. Bb5 Ne4 18. Nc4 Bc7 19. dxc5 Nxc5 20. Ba3 Qf6 21.
Rxd8+ Rxd8 22. Nxa5 Ba8 23. Bxc5 bxc5 1/2-1/2

[Event "SR 4. liga A21 2017/2018"]
[Site "?"]
[Date "2018.01.14"]
[Round "7.4"]
[White "Musaev, Matej Elbek"]
[Black "Vagovic, Milan"]
[Result "1-0"]
[WhiteElo "1728"]
[BlackElo "1657"]
[PlyCount "55"]
[EventDate "2017.??.??"]
[WhiteTeam "ŠK Kúpele Pieš�any B"]
[BlackTeam "ŠK Kamenár Chtelnica"]

1. e4 c5 2. Nf3 d6 3. d4 cxd4 4. Nxd4 Nf6 5. Nc3 a6 6. f3 e6 7. Be3 Be7 8. Qd2
O-O 9. g4 Nc6 10. g5 Nd7 11. f4 Nc5 12. O-O-O b5 13. Nxc6 Qc7 14. Nxe7+ Qxe7
15. Qxd6 Qxd6 16. Rxd6 Nb7 17. Rd3 Na5 18. Bg2 Bb7 19. Rd7 Bc6 20. Rd6 Nc4 21.
Rd3 Nxe3 22. Rxe3 Rad8 23. Rd3 Rxd3 24. cxd3 b4 25. Ne2 Rc8 26. Kd2 Bb7 27. Rc1
Rxc1 28. Nxc1 1-0

[Event "SR 4. liga A21 2017/2018"]
[Site "?"]
[Date "2018.01.14"]
[Round "7.4"]
[White "Piestansky, Jan"]
[Black "Oravec, Pavol"]
[Result "1/2-1/2"]
[WhiteElo "1640"]
[BlackElo "1752"]
[PlyCount "98"]
[EventDate "2017.??.??"]
[WhiteTeam "ŠK Kamenár Chtelnica"]
[BlackTeam "ŠK Kúpele Pieš�any B"]

1. e4 e6 2. d4 d5 3. exd5 exd5 4. h3 Nf6 5. Nf3 Bd6 6. Bd3 O-O 7. O-O Be6 8.
Bg5 Nbd7 9. c3 c6 10. Re1 Qc7 11. Nbd2 h6 12. Be3 Rfe8 13. a3 Rad8 14. Rc1 Nb6
15. Nb3 Nc4 16. Qc2 Nxe3 17. fxe3 Bg3 18. Re2 Bc8 19. Nbd2 Re7 20. Nf1 Bd6 21.
e4 dxe4 22. Bxe4 Rxe4 23. Rxe4 Bf5 24. N1d2 Nxe4 25. Nxe4 Bxe4 26. Qxe4 Bg3 27.
Rc2 Qd7 28. Re2 f5 29. Qe6+ Qxe6 30. Rxe6 Kf7 31. Re2 Re8 32. Rxe8 Kxe8 33. Kf1
Ke7 34. Ke2 Ke6 35. Kd3 b5 36. b3 Bd6 37. a4 a6 38. axb5 axb5 39. c4 g5 40.
cxb5 cxb5 41. Ng1 h5 42. Nf3 g4 43. hxg4 hxg4 44. Ng1 Kd5 45. Ne2 b4 46. g3 Bc7
47. Ke3 Bd6 48. Kd3 Bc7 49. Ke3 Bd6 1/2-1/2

[Event "SR 4. liga A21 2017/2018"]
[Site "?"]
[Date "2018.01.14"]
[Round "7.4"]
[White "Sedlak, Rastislav"]
[Black "Pripko, Bystrik"]
[Result "1/2-1/2"]
[WhiteElo "1661"]
[BlackElo "1627"]
[PlyCount "50"]
[EventDate "2017.??.??"]
[WhiteTeam "ŠK Kúpele Pieš�any B"]
[BlackTeam "ŠK Kamenár Chtelnica"]

1. e4 e5 2. Nf3 Nc6 3. Bc4 Bc5 4. O-O Nf6 5. d3 h6 6. Nc3 O-O 7. Na4 Be7 8. a3
a6 9. Nc3 d6 10. h3 Be6 11. Ba2 Bxa2 12. Nxa2 Nh7 13. Be3 f5 14. exf5 Rxf5 15.
Nc3 Rf8 16. Nd5 Nf6 17. Nxe7+ Nxe7 18. c3 b6 19. Qb3+ Kh8 20. Rfe1 Nfd5 21.
Rad1 Nxe3 22. fxe3 Nf5 23. e4 Nh4 24. Nxh4 Qxh4 25. Rf1 a5 1/2-1/2

[Event "SR 4. liga A21 2017/2018"]
[Site "?"]
[Date "2018.01.14"]
[Round "7.4"]
[White "Kuracina, Lubomir"]
[Black "Nedorost, Lubomir"]
[Result "1-0"]
[WhiteElo "1484"]
[BlackElo "1641"]
[PlyCount "185"]
[EventDate "2017.??.??"]
[WhiteTeam "ŠK Kamenár Chtelnica"]
[BlackTeam "ŠK Kúpele Pieš�any B"]

1. e4 c5 2. f4 d6 3. h3 Nc6 4. Nf3 Nf6 5. d3 g6 6. Be2 Bg7 7. c4 Be6 8. O-O Qd7
9. Rf2 Nh5 10. a3 Nd4 11. Ra2 Ng3 12. Bf1 Nxf1 13. Kxf1 Bxh3 14. gxh3 Qxh3+ 15.
Ke1 Qh1+ 16. Kd2 Nxf3+ 17. Qxf3 Qh4 18. b4 Bd4 19. Rg2 a5 20. bxc5 dxc5 21. Nc3
Qh1 22. Bb2 h5 23. Nd5 Rc8 24. Ra1 Qh4 25. Bxd4 cxd4 26. Qg3 Qg4 27. Qxg4 hxg4
28. Rxg4 Rh2+ 29. Kc1 b5 30. Rg1 bxc4 31. dxc4 Rxc4+ 32. Kb1 d3 33. Ra2 d2 34.
Rc2 Rxe4 35. Rc8+ Kd7 36. Nb6+ Ke6 37. Rd1 Re1 38. Kc2 Rhh1 39. Rxd2 Rb1 40.
Rc6+ Kf5 41. Kd3 Rb3+ 42. Kc4 Rxa3 43. Kb5 Rb1+ 44. Ka6 Kxf4 45. Rf2+ Rf3 46.
Nd5+ Kg3 47. Rxf3+ Kxf3 48. Kxa5 e6 49. Nf6 Kf4 50. Rc7 Ra1+ 51. Kb4 Rb1+ 52.
Ka3 g5 53. Rxf7 Rb5 54. Nd5+ Kg3 55. Nb4 Rf5 56. Re7 e5 57. Kb3 Kf3 58. Kc3 g4
59. Kd2 g3 60. Ke1 e4 61. Kf1 e3 62. Nc2 g2+ 63. Kg1 e2 64. Re3+ Kg4 65. Rxe2
Kg3 66. Rxg2+ Kf4 67. Re2 Rg5+ 68. Kf2 Rh5 69. Kg2 Rg5+ 70. Kh3 Kf3 71. Nd4+
Kf4 72. Ne6+ Kf3 73. Nd4+ Kf4 74. Re6 Rg3+ 75. Kh4 Rg8 76. Ne2+ Kf5 77. Re3
Rg4+ 78. Kh3 Rg8 79. Rf3+ Ke4 80. Rf7 Ke3 81. Ng3 Ra8 82. Kg4 Ra4+ 83. Kg5 Ra5+
84. Nf5+ Ke4 85. Re7+ Kf3 86. Re3+ Kf2 87. Rb3 Ra4 88. Nd6 Rd4 89. Nb5 Rc4 90.
Kf5 Rh4 91. Nd6 Ra4 92. Ne4+ Ke2 93. Nc3+ 1-0

[Event "SR 4. liga A21 2017/2018"]
[Site "?"]
[Date "2018.01.14"]
[Round "7.5"]
[White "Kozinka, Roman"]
[Black "Valach, Peter"]
[Result "1-0"]
[WhiteElo "1999"]
[BlackElo "1743"]
[PlyCount "43"]
[EventDate "2017.??.??"]
[WhiteTeam "ŠK Komplet Modranka jun."]
[BlackTeam "ŠK OÚ Špaèince"]

1. c4 e5 2. Nc3 Nf6 3. Nf3 Nc6 4. g3 d6 5. Bg2 Be7 6. O-O O-O 7. d4 exd4 8.
Nxd4 Nxd4 9. Qxd4 c6 10. Rd1 Be6 11. b3 Qa5 12. Bb2 Rfd8 13. Qd2 d5 14. cxd5
Bb4 15. a3 Bxc3 16. Bxc3 Qb5 17. a4 Qa6 18. e4 cxd5 19. Bxf6 gxf6 20. exd5 Rd6
21. Qf4 Rad8 22. Qxf6 1-0

[Event "SR 4. liga A21 2017/2018"]
[Site "?"]
[Date "2018.01.14"]
[Round "7.5"]
[White "Karel, Jozef"]
[Black "Gajarsky, Julius"]
[Result "1-0"]
[WhiteElo "1685"]
[BlackElo "1716"]
[PlyCount "117"]
[EventDate "2017.??.??"]
[WhiteTeam "ŠK OÚ Špaèince"]
[BlackTeam "ŠK Komplet Modranka jun."]

1. e4 c5 2. Nf3 Nc6 3. d4 cxd4 4. Nxd4 Nf6 5. Nc3 e5 6. Nf3 d6 7. Bc4 Bg4 8. h3
Bh5 9. Bg5 Be7 10. O-O O-O 11. Bxf6 Bxf6 12. Nd5 Nd4 13. Be2 Nxe2+ 14. Qxe2 Rc8
15. c3 a6 16. Qd3 Be7 17. Nd2 Bg5 18. Nc4 Be7 19. Nce3 Bg6 20. Rad1 Rc6 21.
Nxe7+ Qxe7 22. Nd5 Qe6 23. a4 f5 24. f3 fxe4 25. fxe4 Rxf1+ 26. Rxf1 Rc8 27. a5
Rf8 28. Rxf8+ Kxf8 29. Nc7 Qd7 30. Qf3+ Bf7 31. Nd5 Qb5 32. b4 Qc6 33. Kf2 Qc4
34. Nb6 Qa2+ 35. Kg3 Qe6 36. Nd5 h5 37. Qe3 Qg6+ 38. Kh2 Bxd5 39. exd5 Qf7 40.
c4 Qf4+ 41. Qxf4+ exf4 42. g3 fxg3+ 43. Kxg3 g5 44. Kf3 Kf7 45. Ke4 Kf6 46. c5
dxc5 47. bxc5 g4 48. hxg4 hxg4 49. Kf4 g3 50. Kxg3 Ke5 51. d6 Ke6 52. Kf4 Kf6
53. Ke4 Ke6 54. Kd4 Kd7 55. Kd5 Kd8 56. Ke6 Ke8 57. d7+ Kd8 58. Kd6 b5 59. axb6
1-0

[Event "SR 4. liga A21 2017/2018"]
[Site "?"]
[Date "2018.01.14"]
[Round "7.5"]
[White "Kramar, Matus"]
[Black "Sulko, Vit"]
[Result "1-0"]
[WhiteElo "1649"]
[BlackElo "1659"]
[PlyCount "53"]
[EventDate "2017.??.??"]
[WhiteTeam "ŠK Komplet Modranka jun."]
[BlackTeam "ŠK OÚ Špaèince"]

1. e4 c5 2. Nf3 d6 3. d4 cxd4 4. Nxd4 Nf6 5. Nc3 g6 6. Bc4 Bg7 7. f3 Bd7 8. Be3
Nc6 9. Qd2 Rc8 10. Bb3 Na5 11. O-O-O Nxb3+ 12. Nxb3 b6 13. g4 h5 14. gxh5 Nxh5
15. Nd5 Nf6 16. Nc3 Qc7 17. Kb1 a5 18. Nd4 Qb7 19. Ncb5 Rh5 20. Bg5 Bxb5 21.
Nxb5 Rc5 22. Bxf6 Rxb5 23. Bxg7 f6 24. Bxf6 exf6 25. Qxd6 Kf7 26. Qd8 Ke6 27.
Rd6+ 1-0

[Event "SR 4. liga A21 2017/2018"]
[Site "?"]
[Date "2018.01.14"]
[Round "7.5"]
[White "Slezak, Rudolf"]
[Black "Skreko, Igor"]
[Result "1-0"]
[WhiteElo "1662"]
[BlackElo "1508"]
[PlyCount "150"]
[EventDate "2017.??.??"]
[WhiteTeam "ŠK OÚ Špaèince"]
[BlackTeam "ŠK Komplet Modranka jun."]

1. c4 c6 2. e3 Nf6 3. Nc3 d5 4. d4 e6 5. Bd3 dxc4 6. Bxc4 Bb4 7. Nge2 b5 8. Bd3
Nbd7 9. O-O O-O 10. a3 Be7 11. Ne4 Bb7 12. b4 Qc7 13. N2g3 Nxe4 14. Nxe4 f5 15.
Ng3 Nf6 16. Qb3 Qd6 17. Nxf5 Qd7 18. Nxe7+ Qxe7 19. Qc3 Nd5 20. Qc5 Qc7 21. Bd2
Kh8 22. Rac1 Rf7 23. Be2 Qe7 24. Qxe7 Rxe7 25. f4 Rf8 26. Bd3 Nf6 27. Be2 Ne4
28. Be1 a6 29. Bf3 Nf6 30. Bh4 Ref7 31. Bxf6 gxf6 32. Bxc6 Rc8 33. Bxb7 Rxc1
34. Rxc1 Rxb7 35. Rc6 Ra7 36. Kf2 a5 37. Rb6 axb4 38. axb4 Ra2+ 39. Kf3 Kg7 40.
Rxb5 f5 41. Rb7+ Kg6 42. b5 Rb2 43. Rb8 h5 44. b6 Kg7 45. b7 Rb1 46. h3 h4 47.
Re8 Rxb7 48. Rxe6 Rb3 49. g3 hxg3 50. Kxg3 Kf7 51. Re5 Kf6 52. d5 Rd3 53. Kh4
Rd1 54. Re6+ Kf7 55. Re5 Kf6 56. Kh5 Rd2 57. Kh4 Rd1 58. Kg3 Rd2 59. h4 Rd1 60.
h5 Rh1 61. e4 fxe4 62. Rxe4 Rxh5 63. Re6+ Kf7 64. Re5 Rh1 65. Kg4 Rg1+ 66. Kf5
Rd1 67. Ke4 Re1+ 68. Kd4 Rd1+ 69. Kc5 Rc1+ 70. Kd6 Ra1 71. Re7+ Kf6 72. Rc7 Ra5
73. Rc8 Kf7 74. Ke5 Ra1 75. Rc7+ Ke8 1-0

[Event "SR 4. liga A21 2017/2018"]
[Site "?"]
[Date "2018.01.14"]
[Round "7.5"]
[White "Longauer, Jan"]
[Black "Pinkas, Jan"]
[Result "0-1"]
[WhiteElo "1668"]
[BlackElo "1459"]
[PlyCount "118"]
[EventDate "2017.??.??"]
[WhiteTeam "ŠK Komplet Modranka jun."]
[BlackTeam "ŠK OÚ Špaèince"]

1. e4 e5 2. Nf3 Nc6 3. d4 d6 4. d5 Nb8 5. Nc3 Bg4 6. h3 Bh5 7. Be2 Bxf3 8. Bxf3
Be7 9. Be3 Bg5 10. Qd2 Bxe3 11. Qxe3 Nd7 12. b4 a5 13. b5 b6 14. Na4 h6 15. Bg4
Ndf6 16. Qe2 Nxg4 17. Qxg4 Qg5 18. Qf3 Nf6 19. Nc3 Nd7 20. h4 Qf6 21. Na4 h5
22. O-O-O Qxf3 23. gxf3 Nf6 24. Rhg1 g6 25. Kd2 Ke7 26. Kd3 Nd7 27. Rde1 Rab8
28. Ke3 Rhg8 29. f4 f6 30. fxe5 fxe5 31. Rg3 Rbf8 32. Reg1 Rf6 33. R1g2 Kf7 34.
Rf3 Rxf3+ 35. Kxf3 Nf6 36. Nc3 Nh7 37. Kg3 g5 38. hxg5 Nxg5 39. Kh2 Rg6 40. Rg3
h4 41. Rg4 Kf6 42. Ne2 Nf3+ 43. Kh3 Rg5 44. Nc1 Kg6 45. Nd3 Kh5 46. Rxg5+ Nxg5+
47. Kg2 Nxe4 48. f4 exf4 49. Nxf4+ Kg4 50. Ne6 h3+ 51. Kh2 Nc3 52. Nxc7 Kh4 53.
Na8 Nxd5 54. c4 Ne3 55. Nxb6 Ng4+ 56. Kg1 Kg3 57. Nd5 h2+ 58. Kf1 h1=Q+ 59. Ke2
Qe4+ 0-1

[Event "SR 4. liga A21 2017/2018"]
[Site "?"]
[Date "2018.01.14"]
[Round "7.6"]
[White "Pericka, Tomas"]
[Black "Brunovsky, Peter"]
[Result "1-0"]
[WhiteElo "2018"]
[BlackElo "1846"]
[PlyCount "63"]
[EventDate "2017.??.??"]
[WhiteTeam "CV  Brezov  pod Bradlom"]
[BlackTeam " K Nafta Gbely C"]

1. e4 d5 2. exd5 Qxd5 3. Nc3 Qa5 4. d4 Nf6 5. Bd2 c6 6. Bc4 Bf5 7. Nf3 e6 8.
Ne5 Nbd7 9. Nxd7 Nxd7 10. g4 Bg6 11. h4 h5 12. Qe2 Bb4 13. O-O-O O-O-O 14. a3
Bxc3 15. Bxc3 Qc7 16. g5 Kb8 17. Kb1 Nb6 18. Ba5 Qf4 19. Bd3 Bxd3 20. Rxd3 g6
21. Rf3 Qc7 22. c4 Qd7 23. c5 Nd5 24. Bxd8 Rxd8 25. Qe5+ Nc7 26. Qg7 Qd5 27.
Rhh3 Qc4 28. Rxf7 Qf1+ 29. Ka2 Nb5 30. Rb3 Ka8 31. Rxb7 Qc4 32. Rxa7+ 1-0

[Event "SR 4. liga A21 2017/2018"]
[Site "?"]
[Date "2018.01.14"]
[Round "7.6"]
[White "Zajicek, Ferdinand"]
[Black "Sadlon, Juraj"]
[Result "0-1"]
[WhiteElo "1779"]
[BlackElo "1895"]
[PlyCount "64"]
[EventDate "2017.??.??"]
[WhiteTeam " K Nafta Gbely C"]
[BlackTeam "CV  Brezov  pod Bradlom"]

1. e4 d5 2. exd5 Nf6 3. Nc3 Nxd5 4. Nxd5 Qxd5 5. Nf3 Bg4 6. Be2 Nc6 7. h3 Bh5
8. O-O e5 9. d3 Bc5 10. Be3 O-O 11. Nh2 Bxe2 12. Qxe2 Bxe3 13. fxe3 f5 14. a3
Rad8 15. Rad1 Qc5 16. Rf2 Rf6 17. c3 g6 18. d4 Qd5 19. Rdf1 exd4 20. exd4 Re6
21. Qf3 Qb3 22. Re2 Nxd4 23. cxd4 Qxf3 24. Nxf3 Rxe2 25. Rf2 Rxf2 26. Kxf2 Kf7
27. Ke3 Kf6 28. Kd3 c5 29. Kc4 cxd4 30. Nxd4 Ke5 31. Nf3+ Kf4 32. b4 Kg3 0-1

[Event "SR 4. liga A21 2017/2018"]
[Site "?"]
[Date "2018.01.14"]
[Round "7.6"]
[White "Skapikova, Lubica"]
[Black "Kanka, Tomas"]
[Result "1/2-1/2"]
[WhiteElo "1888"]
[BlackElo "1701"]
[PlyCount "83"]
[EventDate "2017.??.??"]
[WhiteTeam "CV  Brezov  pod Bradlom"]
[BlackTeam " K Nafta Gbely C"]

1. e4 e5 2. Nf3 Nc6 3. Bb5 Nf6 4. d3 d6 5. h3 h6 6. c3 Be6 7. O-O Be7 8. Nbd2
Qd7 9. Re1 a6 10. Ba4 b5 11. Bb3 O-O 12. Nf1 Nh7 13. d4 exd4 14. cxd4 Bxb3 15.
Qxb3 Rad8 16. Ng3 d5 17. e5 f5 18. Bf4 Qe6 19. Nh5 Qg6 20. Ng3 Qe6 21. Rad1 g5
22. Bc1 Kh8 23. Nh2 g4 24. hxg4 fxg4 25. Qd3 Bh4 26. Re2 Ne7 27. Rc2 c6 28. Qe3
Nf5 29. Nxf5 Qxf5 30. Qe2 g3 31. fxg3 Bxg3 32. Bxh6 Rg8 33. Rxc6 Ng5 34. Bxg5
Rxg5 35. Rf6 Qh7 36. Ng4 Rh5 37. Rh6 Rxh6 38. Nxh6 Qxh6 39. Qf3 Bh2+ 40. Kh1
Bg3+ 41. Kg1 Bh2+ 42. Kh1 1/2-1/2

[Event "SR 4. liga A21 2017/2018"]
[Site "?"]
[Date "2018.01.14"]
[Round "7.6"]
[White "Papanek, Lubomir"]
[Black "Pericka, Pavol"]
[Result "0-1"]
[WhiteElo "1603"]
[BlackElo "1787"]
[PlyCount "98"]
[EventDate "2017.??.??"]
[WhiteTeam " K Nafta Gbely C"]
[BlackTeam "CV  Brezov  pod Bradlom"]

1. e4 e5 2. Nf3 Nc6 3. Bc4 Bc5 4. O-O d6 5. b4 Bxb4 6. c3 Ba5 7. d4 exd4 8.
cxd4 Nge7 9. d5 Ne5 10. Nxe5 dxe5 11. Qa4+ c6 12. dxc6 Nxc6 13. Ba3 Qb6 14. Qb5
Bd7 15. Qxb6 Bxb6 16. Nd2 Nd4 17. Bb2 O-O 18. Nb3 Rac8 19. Bd3 Nxb3 20. axb3
Be6 21. b4 Bc4 22. Rfd1 Bxd3 23. Rxd3 f6 24. Bc3 Rc4 25. Rad1 Rxe4 26. Kf1 Rc8
27. Be1 Rec4 28. Rd7 R8c7 29. b5 Bd4 30. Rd5 R4c5 31. Rxc5 Rxc5 32. Rb1 Rc2 33.
Rb3 Kf7 34. Rd3 Ke6 35. Rb3 Kd5 36. g4 Kc4 37. Rb1 Kd3 38. Rb3+ Ke4 39. Kg2 Rb2
40. Rxb2 Bxb2 41. f3+ Kd5 42. Bb4 Kc4 43. Bf8 g6 44. Bg7 f5 45. gxf5 gxf5 46.
f4 Kd5 47. Kf2 Bd4+ 48. Ke2 e4 49. Bf8 Kc4 0-1

[Event "SR 4. liga A21 2017/2018"]
[Site "?"]
[Date "2018.01.14"]
[Round "7.6"]
[White "Brath, Zdeno"]
[Black "Mraz, Jan"]
[Result "0-1"]
[WhiteElo "1562"]
[BlackElo "1537"]
[PlyCount "108"]
[EventDate "2017.??.??"]
[WhiteTeam "CV  Brezov  pod Bradlom"]
[BlackTeam " K Nafta Gbely C"]

1. e4 b6 2. Bc4 Bb7 3. d3 e6 4. Nf3 g6 5. Nc3 Bg7 6. Be3 d6 7. d4 Nd7 8. O-O
Ne7 9. h3 O-O 10. Nh2 a6 11. h4 d5 12. Bd3 c5 13. Be2 dxe4 14. h5 Nf5 15. d5
exd5 16. Nxd5 Bxd5 17. Qxd5 Nf6 18. Qxd8 Rfxd8 19. hxg6 fxg6 20. Bg5 h6 21.
Bxf6 Bxf6 22. Rab1 h5 23. Rfd1 e3 24. b3 exf2+ 25. Kxf2 Bd4+ 26. Ke1 Bc3+ 27.
Kf2 Bd4+ 28. Ke1 Ne3 29. Rxd4 cxd4 30. Bf3 Ra7 31. Kd2 Rc7 32. Be4 Kg7 33. Nf1
Rc3 34. Re1 Nxf1+ 35. Rxf1 Re3 36. Bd3 a5 37. Rf4 Rg3 38. Rf2 Rf8 39. Ke1 Rxf2
40. Kxf2 Re3 41. a4 g5 42. Bc4 Kf6 43. Be2 h4 44. Bg4 Ke5 45. Bf3 Kd6 46. g3
hxg3+ 47. Kxg3 Rc3 48. Kg4 Rxc2 49. Kxg5 Rc1 50. Be2 Kc5 51. Kf4 Kb4 52. Bb5
Re1 53. Bc4 Kc3 54. Kf3 d3 0-1

[Event "SR 4. liga A21 2017/2018"]
[Site "?"]
[Date "2018.01.28"]
[Round "8.1"]
[White "Hrubsa, Marian"]
[Black "Valla, Tomas"]
[Result "1/2-1/2"]
[WhiteElo "1924"]
[BlackElo "1851"]
[PlyCount "117"]
[EventDate "2017.??.??"]
[WhiteTeam "Å K Skalica B"]
[BlackTeam "Å K Nafta Gbely C"]

1. e4 c5 2. Nf3 e6 3. d4 cxd4 4. Nxd4 a6 5. Be3 b5 6. Bd3 Qc7 7. O-O Bb7 8. a3
Nf6 9. Nc3 b4 10. axb4 Bxb4 11. Na4 O-O 12. Nb3 Nc6 13. f4 d5 14. e5 Nd7 15.
Rf3 f5 16. Rh3 g6 17. Rg3 Rf7 18. h4 Rg7 19. h5 Kf7 20. Kf2 Be7 21. Qh1 Nb4 22.
Nd4 Nc5 23. Nxc5 Bxc5 24. Rc1 Rc8 25. hxg6+ hxg6 26. Qh6 Bxd4 27. Bxd4 Nc6 28.
Be3 d4 29. Bd2 Qb6 30. b3 Ne7 31. Qg5 Nd5 32. Re1 Qd8 33. Qxd8 Rxd8 34. Ra1 Ne7
35. Ba5 Rd7 36. Bb6 Nd5 37. Bxd4 Nxf4 38. c3 Nxd3+ 39. Rxd3 Rh7 40. Kg3 g5 41.
Rg1 Rh4 42. Kf2 Kg7 43. Rh3 Rxh3 44. gxh3 Kh6 45. h4 g4 46. Kg3 Kh5 47. Rf1 Rd5
48. Ra1 Rb5 49. b4 Rd5 50. Rd1 Rd7 51. c4 Bc6 52. Rd2 Rd8 53. Be3 Rxd2 54. Bxd2
Ba4 55. Bg5 Bc6 56. Kf4 Ba4 57. Ke3 Bb3 58. c5 Bd5 59. Kf4 1/2-1/2

[Event "SR 4. liga A21 2017/2018"]
[Site "?"]
[Date "2018.01.28"]
[Round "8.1"]
[White "Zajicek, Ferdinand"]
[Black "Vepy, Ivan"]
[Result "0-1"]
[WhiteElo "1779"]
[BlackElo "1858"]
[PlyCount "119"]
[EventDate "2017.??.??"]
[WhiteTeam "Å K Nafta Gbely C"]
[BlackTeam "Å K Skalica B"]

1. e4 e5 2. Nf3 Nc6 3. Bc4 Be7 4. Nc3 Nf6 5. h3 O-O 6. d3 d6 7. O-O Na5 8. Bb3
Nxb3 9. axb3 h6 10. Be3 a6 11. Nh2 Be6 12. f4 exf4 13. Rxf4 Qd7 14. Qf3 Nh7 15.
Qg3 Bg5 16. Rf2 Bxe3 17. Qxe3 Rae8 18. Qg3 f5 19. Raf1 Rf6 20. exf5 Bxf5 21.
Kh1 Ref8 22. Nf3 Be6 23. Ne4 Rf4 24. Nd4 Rxf2 25. Rxf2 Rxf2 26. Qxf2 Bf7 27.
Qf5 Qe8 28. Qg4 Kh8 29. Qg3 Bg6 30. Nc3 Nf6 31. Qf2 Nh5 32. Nf3 Bh7 33. Nh4 Nf6
34. Qe2 Qf7 35. Qf3 c5 36. Nf5 d5 37. Ng3 b5 38. Qf2 b4 39. Na4 c4 40. bxc4
dxc4 41. dxc4 Qxc4 42. c3 Qa2 43. Qc5 Qxa4 44. Qf8+ Ng8 45. cxb4 Qa1+ 46. Kh2
Qxb2 47. Qd6 Qf6 48. Qc5 Qf4 49. Qa5 Qd6 50. b5 axb5 51. Qxb5 Nf6 52. Qe2 Ne4
53. Qe3 Nxg3 54. Qxg3 Qxg3+ 55. Kxg3 Be4 56. Kf2 Kh7 57. g3 g5 58. g4 Kg6 59.
Kg3 Bd3 60. Kf2 0-1

[Event "SR 4. liga A21 2017/2018"]
[Site "?"]
[Date "2018.01.28"]
[Round "8.1"]
[White "Planka, Peter"]
[Black "Kastler, Peter"]
[Result "0-1"]
[WhiteElo "1791"]
[BlackElo "1746"]
[PlyCount "138"]
[EventDate "2017.??.??"]
[WhiteTeam "Å K Skalica B"]
[BlackTeam "Å K Nafta Gbely C"]

1. e4 e6 2. d4 d5 3. Nd2 dxe4 4. Nxe4 Nd7 5. Nf3 Ngf6 6. Nxf6+ Nxf6 7. Bd3 Be7
8. O-O O-O 9. c3 b6 10. Qe2 Bb7 11. Ba6 Bxa6 12. Qxa6 Qc8 13. Qe2 c5 14. dxc5
Qxc5 15. Be3 Qc7 16. c4 Rfd8 17. Rfd1 Rxd1+ 18. Rxd1 Rd8 19. b3 Rd6 20. Rxd6
Qxd6 21. Nd4 Nd7 22. Nb5 Qe5 23. Qd1 a6 24. Bd4 Qd5 25. Nc3 Qc6 26. Ne2 Qd6 27.
Qd2 Bf6 28. Be3 Qxd2 29. Bxd2 Kf8 30. Bb4+ Ke8 31. Kf1 Nc5 32. Bc3 Bxc3 33.
Nxc3 Kd7 34. Ke2 Kd6 35. Ke3 f6 36. b4 Nd7 37. Ne4+ Kc6 38. Kd4 e5+ 39. Kd3 Nf8
40. a4 Ne6 41. g3 a5 42. b5+ Kc7 43. h4 f5 44. Nc3 Kd6 45. f3 Nc7 46. g4 g6 47.
gxf5 gxf5 48. h5 Kc5 49. Na2 Ne8 50. Nc3 Nd6 51. Nd5 h6 52. Ne7 Kb4 53. Nd5+
Kxa4 54. Nxb6+ Kb4 55. Nd5+ Kc5 56. Ne7 a4 57. Ng8 Nf7 58. Kc3 e4 59. fxe4 fxe4
60. Nf6 e3 61. Ne4+ Kb6 62. Ng3 Nd6 63. Kb4 a3 64. c5+ Kb7 65. cxd6 a2 66. d7
a1=Q 67. d8=Q Qb2+ 68. Kc4 Qc2+ 69. Kb4 Qd2+ 0-1

[Event "SR 4. liga A21 2017/2018"]
[Site "?"]
[Date "2018.01.28"]
[Round "8.1"]
[White "Papanek, Lubomir"]
[Black "Harasta, Marian"]
[Result "1/2-1/2"]
[WhiteElo "1603"]
[BlackElo "1661"]
[PlyCount "148"]
[EventDate "2017.??.??"]
[WhiteTeam "Å K Nafta Gbely C"]
[BlackTeam "Å K Skalica B"]

1. e4 c5 2. Nf3 Nc6 3. d4 cxd4 4. Nxd4 e5 5. Nb5 a6 6. Nd6+ Bxd6 7. Qxd6 Qa5+
8. Bd2 Qb6 9. Bc3 f6 10. Na3 Nge7 11. Nc4 Qd8 12. Ne3 b5 13. Nd5 Nxd5 14. Qxd5
Bb7 15. O-O-O Qc7 16. Qd6 O-O-O 17. Be2 Qxd6 18. Rxd6 b4 19. Bd2 Nd4 20. Bxa6
Kc7 21. Bxb4 Bxe4 22. f3 Nc6 23. Bc5 Ra8 24. Bc4 Bf5 25. Rhd1 h5 26. Bb3 Ra5
27. R6d5 Rha8 28. Bd6+ Kc8 29. Rxa5 Nxa5 30. Bd5 Ra6 31. Bf8 g5 32. Bb4 Nc6 33.
Bxc6 Rxc6 34. c3 Be6 35. a3 Bb3 36. Rd6 f5 37. Kd2 Bc4 38. g3 Kc7 39. Rxc6+
Kxc6 40. Be7 g4 41. fxg4 hxg4 42. Kc2 f4 43. gxf4 exf4 44. Bh4 d5 45. b3 Bf1
46. Bf2 Kb5 47. Kd2 Kc6 48. Bd4 g3 49. hxg3 fxg3 50. a4 g2 51. b4 Bc4 52. Ke1
Bb3 53. a5 Bc4 54. Kf2 Bf1 55. Kf3 Kb5 56. Kf2 Ka4 57. Ke1 Kb5 58. Kd2 Ka6 59.
Bg1 Kb5 60. Ke3 Kc6 61. Kd4 Bc4 62. Ke5 Be2 63. Kd4 Bc4 64. Ke3 Bb5 65. Kf3 Bf1
66. a6 Bxa6 67. Kxg2 Bc4 68. Bd4 Bd3 69. Kf3 Bf1 70. Ke3 Bb5 71. Be5 Bc4 72.
Kd4 Bb5 73. Bg7 Bc4 74. Bf8 Bb5 1/2-1/2

[Event "SR 4. liga A21 2017/2018"]
[Site "?"]
[Date "2018.01.28"]
[Round "8.1"]
[White "Danihel, Jozef"]
[Black "Mraz, Jan"]
[Result "0-1"]
[WhiteElo "1529"]
[BlackElo "1537"]
[PlyCount "114"]
[EventDate "2017.??.??"]
[WhiteTeam "Å K Skalica B"]
[BlackTeam "Å K Nafta Gbely C"]

1. d4 g6 2. Nf3 Bg7 3. Nc3 d6 4. h3 Nd7 5. e4 b6 6. Be3 Bb7 7. Bd3 e6 8. Qd2
Ne7 9. O-O Nf6 10. Nh2 O-O 11. f4 c5 12. Nf3 cxd4 13. Bxd4 d5 14. e5 Ne4 15.
Bxe4 dxe4 16. Ng5 Nf5 17. Rad1 Ng3 18. Rf2 h6 19. Kh2 hxg5 20. Kxg3 Bh6 21. Be3
Qc7 22. Qd6 Qxd6 23. Rxd6 gxf4+ 24. Bxf4 g5 25. Be3 Bg7 26. Bd4 Rad8 27. Rxd8
Rxd8 28. Ne2 Rd5 29. c3 Bxe5+ 30. Bxe5 Rxe5 31. Kh2 f5 32. g3 e3 33. Rf1 Rd5
34. Nd4 e5 35. Nxf5 Rd2+ 36. Kg1 Rg2+ 37. Kh1 Rxb2+ 38. Kg1 Rg2+ 39. Kh1 Rxg3+
40. Kh2 Rg2+ 41. Kh1 Rxa2+ 42. Kg1 Rg2+ 43. Kh1 Rf2+ 44. Kg1 Rxf1+ 45. Kxf1
Ba6+ 46. Ke1 e2 47. Ne3 Bd3 48. Ng4 e4 49. Ne5 Kg7 50. Nc6 a5 51. Ne5 a4 52.
Nc6 a3 53. Nb4 Bc4 54. Nc2 a2 55. Kd2 Bd3 56. Na1 Kf6 57. Nb3 Kf5 0-1